header

Mobilizing Bolivia's displaced (Record no. 49925)

MARC details
000 -LEADER
fixed length control field 01704nam a2200397 a 4500
082 04 - DEWEY DECIMAL CLASSIFICATION NUMBER
Classification number 333.3/184
100 1# - MAIN ENTRY--AUTHOR NAME
Personal name Fabricant, Nicole.
245 10 - TITLE STATEMENT
Title Mobilizing Bolivia's displaced
260 ## - PUBLICATION, DISTRIBUTION, ETC. (IMPRINT)
Place of publication Chapel Hill :
Name of publisher University of North Carolina Press,
Year of publication c2012.
300 ## - PHYSICAL DESCRIPTION
Number of Pages xv, 257 p.
490 1# - SERIES STATEMENT
Series statement First peoples : new directions in indigenous studies
650 #0 - SUBJECT ADDED ENTRY--TOPICAL TERM
Topical Term Land reform
Topical Term Peasants
Topical Term Indians of South America
Topical Term Indians of South America
856 40 - ELECTRONIC LOCATION AND ACCESS
Uniform Resource Identifier http://site.ebrary.com/lib/rucke/Doc?id=10628392

No items available.

© 2026 Rongo University
Contact us: librarian | system librarian | Rongo university